Владимир Афанасьевич Обручев: к 75-летию со дня рождения; Советская геология; Т. 8, № 10

書誌詳細
Parent link:Советская геология: журнал.— , 1938-1992.— 0869-7175
Т. 8, № 10.— 1938.— С. 3-12
第一著者: Усов М. А. Михаил Антонович
言語:ロシア語
出版事項: 1938
主題:
フォーマット: 図書の章
KOHA link:https://koha.lib.tpu.ru/cgi-bin/koha/opac-detail.pl?biblionumber=405539

MARC

LEADER 00000naa2a2200000 4500
001 405539
005 20240827063212.0
035 |a (RuTPU)RU\TPU\prd\55327 
090 |a 405539 
100 |a 20080128a19389999k y0rusy50 ca 
101 0 |a rus 
102 |a RU 
200 1 |a Владимир Афанасьевич Обручев  |e к 75-летию со дня рождения  |f М. А. Усов 
210 |d 1938 
461 1 |0 (RuTPU)RU\TPU\prd\987  |x 0869-7175  |t Советская геология  |o журнал  |d 1938-1992 
463 1 |0 (RuTPU)RU\TPU\prd\50875  |t Т. 8, № 10  |v С. 3-12  |d 1938 
600 1 |a Обручев  |b В. А.  |c российский геолог  |c профессор Томского технологического института  |c исследователь Сибири, Центральной и Средней Азии  |c географ  |f 1863-1956  |g Владимир Афанасьевич  |y Томск  |7 ca  |8 rus  |2 stltpush  |3 (RuTPU)RU\TPU\pers\996  |9 441 
610 1 |a геолого-географические науки 
610 1 |a труды учёных ТПУ 
700 1 |a Усов  |b М. А.  |c российский геолог  |c профессор Томского технологического института  |f 1883-1939  |g Михаил Антонович  |2 stltpush  |3 (RuTPU)RU\TPU\pers\1941 
801 0 |a RU  |b 63413507  |c 20010227  |g PSBO 
801 1 |a RU  |b 63413507  |c 20080128  |g PSBO 
801 2 |a RU  |b 63413507  |c 20090325  |g PSBO 
942 |c BK